| 000 | 004770000a22001930004500 | ||
|---|---|---|---|
| 001 | 001942 | ||
| 003 | MACL | ||
| 005 | 20150802180020.0 | ||
| 008 | 150802b xxu||||| |||| 00| 0 eng d | ||
| 040 |
_aMACL _cMACL |
||
| 041 | _aEnglish | ||
| 082 | _a380.141/ANI | ||
| 100 |
_aAnitha, H.S. _94517 |
||
| 245 |
_aAgricultural Marketing _cH.S. Anitha |
||
| 260 |
_aNew Delhi _c2002 _bMangal Deep Publishers, |
||
| 350 | _a450 | ||
| 650 |
_aEconomics _94518 |
||
| 942 |
_k380 _cBK _2ddc |
||
| 999 |
_c13858 _d13858 |
||